Analisis de costo-volumen-utilidad bajo condiciones de incertidumbre (Registro nro. 26675)
[ vista simple ]
| 000 -LEADER | |
|---|---|
| fixed length control field | 00530 a2200169 4500 |
| 001 - CONTROL NUMBER | |
| control field | ART_12918 |
| 005 - DATE AND TIME OF LATEST TRANSACTION | |
| control field | 20260410161909.0 |
| 008 - FIXED-LENGTH DATA ELEMENTS--GENERAL INFORMATION | |
| fixed length control field | 260409a |
| 100 1# - MAIN ENTRY--PERSONAL NAME | |
| Personal name | Mallo, Paulino E. |
| 245 10 - TITLE STATEMENT | |
| Title | Analisis de costo-volumen-utilidad bajo condiciones de incertidumbre |
| 700 1# - ADDED ENTRY--PERSONAL NAME | |
| Personal name | Artola, María A. |
| 700 1# - ADDED ENTRY--PERSONAL NAME | |
| Personal name | Galante, Marcelo J. |
| 700 1# - ADDED ENTRY--PERSONAL NAME | |
| Personal name | Pascual, Mariano E. |
| 700 1# - ADDED ENTRY--PERSONAL NAME | |
| Personal name | Morettini, Mariano |
| 700 1# - ADDED ENTRY--PERSONAL NAME | |
| Personal name | Busetto, Adrián R. |
| 773 0# - HOST ITEM ENTRY | |
| Title | Costos y gestión |
| Related parts | - Año 15, Nº 58 (dic. 2005) |
| Record control number | REV12786 |
No hay ítems disponibles.